| 000 | 00888nac a22002771i 4500 | ||
|---|---|---|---|
| 003 | EG-ScBUE | ||
| 005 | 20250624084455.0 | ||
| 008 | 250618t1995 si a f b 000 0 eng d | ||
| 020 | _a9810222491 | ||
| 020 | _a9789810222499 | ||
| 040 |
_aEG-ScBUE _beng _erda _cEG-ScBUE _dEG-ScBUE |
||
| 082 | 0 | 4 |
_a537.67 _bPRE _222 |
| 100 | 1 |
_aPreparata, Giuliano, _eauthor. |
|
| 245 | 1 | 0 |
_aQED coherence in matter / _cGiuliano Preparata, Università Statale di Milano. |
| 264 | 1 |
_aSingapore : _bWorld Scientific, _c[1995] |
|
| 264 | 4 | _cc1995 | |
| 300 |
_axiii, 236 pages : _billustrations ; _c23 cm |
||
| 336 |
_2rdacontent _atext _btxt |
||
| 337 |
_aunmediated _2rdamedia _bn |
||
| 338 |
_avolume _bnc _2rdacarrier |
||
| 504 | _aIncludes bibliographical references. | ||
| 650 | 7 |
_aCondensed matter. _2BUEsh |
|
| 650 | 7 |
_aQuantum electrodynamics. _2BUEsh |
|
| 655 | _vReading book | ||
| 942 |
_cBB _2ddc |
||
| 999 |
_c3321 _d3321 |
||